000 00564nam a2200193Ia 4500
003 GCL
008 140319s9999 xx 000 0 ara d
040 _aGCL /
_cGCL
082 0 4 _a819.9
_bع م
100 1 _aعباس محمود العقاد
245 1 0 _aمطالعات فى الكتب والحياة /
_cعباس محمود العقاد
260 _aالقاهرة :
_bدار المعارف ،
_c1987
300 _a307 ص
490 _a
650 0 4 _aالادب العربى
650 0 4 _aالمقالات
650 0 4 _aالتأليف
942 _2ddc
_cBK
999 _c58582
_d58582